| 000 | 00523nam a2200181 4500 | ||
|---|---|---|---|
| 001 | VA15092 | ||
| 003 | ES-SlBCS | ||
| 005 | 20210601154514.0 | ||
| 008 | 140520s1967 xxu||||| |||| 00| 0 spa d | ||
| 041 | _aspa | ||
| 100 | 1 |
_aRenard, Alaxandre-Charles _9370688 |
|
| 245 | 1 | 0 |
_aLas religiosas en la renovación de la Iglesia _cAlaxandre-Charles Renard; P. del Castillo |
| 260 |
_aMadrid : _bStudium _c, 1967 |
||
| 300 |
_a101 p.; _c18 cm |
||
| 650 |
_aReligiosas _999120 |
||
| 700 | 1 | 0 |
_aCastillo, P. del _9370689 |
| 942 | _cBK | ||
| 999 |
_c805680 _d805680 |
||